|
|
|
|
| LEADER |
00000nam0a2200000 4500 |
| 001 |
223631 |
| 005 |
20241126063150.0 |
| 010 |
|
|
|a 9785459016505
|
| 035 |
|
|
|a (RuTPU)RU\TPU\book\243891
|
| 090 |
|
|
|a 223631
|
| 100 |
|
|
|a 20121015d2013 km y0rusy50 ca
|
| 101 |
0 |
|
|a rus
|
| 102 |
|
|
|a RU
|
| 105 |
|
|
|a a z 000zy
|
| 200 |
1 |
|
|a Хронология российской истории. Россия и мир
|f Е. В. Анисимов
|
| 210 |
|
|
|a Санкт-Петербург
|c Питер
|d 2013
|
| 215 |
|
|
|a 464 с.
|c ил.
|
| 330 |
|
|
|a Евгений Анисимов, известный историк и автор многократно переиздававшейся книги «История России от Рюрика до Путина», предлагает на суд читателей свою новую работу. «Хронология российской истории» охватывает все основные события, происходившие на территории нашей страны, - от призвания варягов до президентства Дмитрия Медведева. Главные вехи нашей истории представлены в книге на фоне событий мировых. Автор поставил своей задачей не столько познакомить читателя с историей зарубежных стран, сколько дать ему возможность сравнить Русь-Россию с ее далекими и близкими соседями, «вписать» ее в мировой процесс, почувствовать пульс времени. Подобное сравнение опровергает сложившиеся мифы о России как о «самой передовой» или, напротив, «безнадежно отсталой» стране мира и дает понимание действительного положения России в тот или иной исторический период. Написанная ярко и просто, как и все произведения Анисимова, «Хронология» расширит ваши представления о месте и роли России в мировой истории.
|
| 606 |
|
|
|a Россия
|x История
|7 ca
|8 rus
|2 stltpush
|3 (RuTPU)RU\TPU\subj\64777
|9 81526
|
| 610 |
1 |
|
|a хронологии
|
| 610 |
1 |
|
|a Древняя Русь
|
| 610 |
1 |
|
|a Московская Русь
|
| 610 |
1 |
|
|a Московское царство
|
| 610 |
1 |
|
|a Российская империя
|
| 610 |
1 |
|
|a дворцовые перевороты
|
| 610 |
1 |
|
|a реформы
|
| 610 |
1 |
|
|a революции
|
| 610 |
1 |
|
|a Советская Россия
|
| 610 |
1 |
|
|a СССР
|
| 610 |
1 |
|
|a Российская Федерация
|
| 686 |
|
|
|a Т3(2)я2
|2 rubbk
|
| 700 |
|
1 |
|a Анисимов
|b Е. В.
|g Евгений В.
|
| 801 |
|
1 |
|a RU
|b 63413507
|c 20121015
|
| 801 |
|
2 |
|a RU
|b 63413507
|c 20130301
|g RCR
|
| 942 |
|
|
|c BK
|
| 959 |
|
|
|a 134/20121015
|d 1
|e 609,00
|f ЧЗГЛ:1
|